| 000 | 00416nam a2200169Ia 4500 | ||
|---|---|---|---|
| 008 | 230524s9999 xx 000 0 und d | ||
| 020 | _a9780198072449 | ||
| 082 | _bTYA | ||
| 100 |
_aAgam Kumar Tyagi _942631 |
||
| 245 | 0 | _aMATLAB and Simulink: For Engineers | |
| 250 | _a7 | ||
| 260 |
_aNew Delhi _bOxford _c2012 |
||
| 300 | _a"XV,449p;" | ||
| 500 | _aQuantity Number: 1 | ||
| 650 | _aElectrical | ||
| 942 | _cBK | ||
| 999 |
_c57642 _d57642 |
||